| 000 | 01061nam a2200253Ia 4500 | ||
|---|---|---|---|
| 999 |
_c3618 _d3618 |
||
| 003 | OSt | ||
| 005 | 20200325164755.0 | ||
| 008 | 191128s1986 njua gr 001 0 spa d | ||
| 020 | _a135309247 | ||
| 040 |
_aCO-JMCR _cCO-JMCR |
||
| 082 | 0 | 4 |
_a005.7 / _bH436c |
| 100 | 1 |
_aHearn, Donald, _eautor _91865 |
|
| 245 | 1 | 0 |
_aComputer graphics c version / _cDonald Hearn, M. Pauline Baker |
| 250 | _aSegunda edición | ||
| 260 |
_aNew Jersey : _bPrentice Hall, _c1986 |
||
| 300 |
_axx, 652 páginas : _bilustraciones a color ; _c25 cm. |
||
| 505 | _aA survey of computer graphics -- Overview of graphics systems --Output primitives -- Attributes of output primitives -- Two-dimensional geometric transformations -- Two-dimensional viewing -- Structures and hierarchical modeling | ||
| 546 | _ainglés | ||
| 650 | 1 | 4 |
_aLenguaje de programación de computadores _91866 |
| 650 | 2 | 4 |
_aEstructura de datos _xComputadores _91867 |
| 650 | 2 | 4 |
_aLenguajes de programación _xComputadores electrónicos _91868 |
| 700 | 1 |
_aBaker, M. Pauline, _eautor _91869 |
|
| 942 |
_2ddc _cBK |
||